000 00583nam a22002057a 4500
003 OSt
005 20140310182805.0
008 130214t xxu||||| |||| 00| 0 eng d
020 _a9789715849821
050 _aKPM 2450
_b.R175 2010
082 _aM 331
_bR35 2010
245 _aThe Administrative Code of 1987 (E.O. No. 292)
_bannotated
_cRamos, Renan E.
260 _aPhilippines, Quezon City:
_bC & E Publishing, Inc,
_cc2010.
300 _a1269 p:
_c25 cm.
521 _acollege students
526 _c1210L-1700L
541 _j3
562 _e1
942 _2lcc
_cBK
_kM
999 _c16073
_d16073